Themen 2. Arbeitsbuch Ausland : Lehrwerk für Deutsch als Fremdsprache /

Gespeichert in:
Bibliographische Detailangaben
1. Verfasser: Aufderstrasse, Hartmut (Verfasst von)
Format: Buch
Sprache:Deutsch
Veröffentlicht: Ismaning : Max Hueber Verlag, 1992
Ausgabe:6.vyd.
Schlagworte:
Tags: Tag hinzufügen
Keine Tags, Fügen Sie das erste Tag hinzu!

MARC

LEADER 00000nam a22000003a 4500
001 stu2140
005 20150617225618.8
008 920707s1992----gw------------------ger-d
020 |a 3-19-021372-0 
040 |a STU  |b slo 
041 0 |a ger 
044 |a gw 
080 |a 803.0(075) 
100 1 |a Aufderstrasse, Hartmut  |4 aut 
245 1 |a Themen 2. Arbeitsbuch Ausland :  |b Lehrwerk für Deutsch als Fremdsprache /  |c Aut.: Aufderstrasse,Hartmut 
250 |a 6.vyd. 
260 |a Ismaning :  |b Max Hueber Verlag,  |c 1992 
300 |a 143 s 
650 7 |a nemčina  |2 stusub 
996 |b 284J011220  |c J*86209  |l JJSK  |s A  |a 24  |w stu2140_0001 
996 |b 284J011221  |c J*86207  |l JJSK  |s A  |a 24  |w stu2140_0002